000 00342nam a2200121Ia 4500
008 220901s9999||||xx |||||||||||||| ||und||
082 _a001.605 ACM
100 _aRosenblum, David, S
245 0 _aACM SIGPER
250 _aVol. 35 Issue No. 1
260 _bACM(Association Computing Machinery)
_c2007
650 _aPerformance Evaluation Review
999 _c193360
_d193360